| 000 | 00506nam a2200121Ia 4500 | ||
|---|---|---|---|
| 008 | 220620s9999||||xx |||||||||||||| ||und|| | ||
| 100 | _ade Jong, Edwin | ||
| 245 | 0 |
_aMaking a Living between Crises and Ceremonies in Tana Toraja _bThe Practice of Everyday Life of a South Sulawesi Highland Community in Indonesia |
|
| 546 | _aEnglish[eng] | ||
| 650 | _aSociety & social sciences||Sociology & anthropology | ||
| 856 | _uhttps://library.oapen.org/bitstream/20.500.12657/53870/1/9789004252479.pdf | ||
| 942 | _cEB | ||
| 999 |
_c31835 _d31835 |
||